CultureShock! : a survival guide to customs and etiquette :

Bibliographic Details
Main Author: Oettli, Max
Format: Book
Published: NY : Marshall Cavendesh Corporation , 2009
Series:CultureShock!
Subjects:

MARC

LEADER 00000cam a2200000 7i4500
001 0000046153
005 20150308.0
008 150308
020 |a 9780761455110 
090 0 0 |a 914.94   |b OET 
100 1 |a Oettli, Max 
245 1 0 |a CultureShock! :   |b a survival guide to customs and etiquette :   |b Switzeland   |c Max Oettli 
260 |a NY :   |b Marshall Cavendesh Corporation ,   |c 2009 
440 |a CultureShock! 
650 0 |a Etiquette   |z Switzeland 
650 0 |a Switzeland   |x Social life   |x Customs 
650 0 |a Switzerland   |x Guidebooks 
999 |a 0001336021   |b Book   |c Adult Collection   |e Perbadanan Perpustakaan Awam Johor